Rise of modern business in great britain,the United States and Japan (Record no. 1433213)

MARC details
000 -LEADER
fixed length control field 00622nam a2200205Ia 4500
005 - DATE AND TIME OF LATEST TRANSACTION
control field 20250701164457.0
008 - FIXED-LENGTH DATA ELEMENTS--GENERAL INFORMATION
fixed length control field 008 250505s9999 xx 000 0 eng d
020 ## - INTERNATIONAL STANDARD BOOK NUMBER
International Standard Book Number 807824267
037 ## - SOURCE OF ACQUISITION
Stock number Textual
040 ## - CATALOGING SOURCE
Original cataloging agency EASL
Language of cataloging eng
Transcribing agency EASL
041 ## - LANGUAGE CODE
Language code of text/sound track or separate title eng
Source of code eng
084 ## - COLON CLASSIFICATION NUMBER
Classification number X5:8.42.N9, N8
Assigning agency EASL
100 ## - MAIN ENTRY--PERSONAL NAME
Personal name Blackford Maansel G
9 (RLIN) 674040
245 #0 - TITLE STATEMENT
Title Rise of modern business in great britain,the United States and Japan
260 ## - PUBLICATION, DISTRIBUTION, ETC.
Place of publication, distribution, etc. USA
Name of publisher, distributor, etc. Landon University of North Carolina Press
Date of publication, distribution, etc. 1998
300 ## - PHYSICAL DESCRIPTION
Extent 264p.
365 ## - TRADE PRICE
Price type code Japan
Price amount 9.98
942 ## - ADDED ENTRY ELEMENTS (KOHA)
Koha item type Textual
Classification part X5:8.42.N9, N8
Holdings
Withdrawn status Lost status Damaged status Not for loan Collection Home library Current library Date acquired Cost, normal purchase price Total Checkouts Full call number Barcode Date last seen Price effective from Koha item type
        Japanese English Language Department of East Asian Studies Library Department of East Asian Studies Library 2025-07-01 9.98   X5:8.42.N9, N8 EA1603023 2025-07-01 2025-07-01 Textual
Copyright @ Delhi University Library System